Catálogo de publicaciones estadísticas españolas / (Record no. 82868)

MARC details
000 -LEADER
campo de control de longitud fija 00807nam a2200181 i 4500
001 - NÚMERO DE CONTROL
campo de control 82868
003 - IDENTIFICADOR DE NÚMERO DE CONTROL
campo de control ES-MaACL
005 - FECHA Y HORA DE LA ÚLTIMA TRANSACCIÓN
campo de control 20230906174738.0
007 - CAMPO FIJO DE DESCRIPCIÓN FÍSICA--INFORMACIÓN GENERAL
campo de control de longitud fija t|
008 - DATOS DE LONGITUD FIJA--INFORMACIÓN GENERAL
campo de control de longitud fija 041112m19761982sp ||||1| spa d
110 2# - ENTRADA PRINCIPAL--NOMBRE DE ENTIDAD CORPORATIVA
Nombre de entidad corporativa o nombre de jurisdicción como elemento de entrada Instituto Nacional de Estadística (España).
Unidad subordinada Biblioteca.
9 (RLIN) 166157
245 10 - MENCIÓN DEL TÍTULO
Título Catálogo de publicaciones estadísticas españolas /
Mención de responsabilidad, etc. Instituto Nacional de Estadística.
260 ## - PUBLICACIÓN, DISTRIBUCIÓN, ETC.
Lugar de publicación, distribución, etc. Madrid :
Nombre del editor, distribuidor, etc. [s.n.,
Fecha de publicación, distribución, etc. 1976-1982]
300 ## - DESCRIPCIÓN FÍSICA
Extensión 3 v. ;
Dimensiones 24 cm.
505 8# - NOTA DE CONTENIDO CON FORMATO
Nota de contenido con formato V. I: Publicaciones del Instituto Nacional de Estadística. -- V. II: Publicaciones de los Ministerios Civiles, años 1976-1982. -- V. III: Apéndice, 1976-1982 (correspondiente al vol. 1)
610 24 - PUNTO DE ACCESO ADICIONAL DE MATERIA--NOMBRE DE ENTIDAD CORPORATIVA
Nombre de entidad corporativa o nombre de jurisdicción como elemento de entrada Instituto Nacional de Estadística (España).
Unidad subordinada Biblioteca-
Subdivisión de forma Catálogos.
9 (RLIN) 166158
852 ## - LOCALIZACIÓN
Ubicación ES-MaACL
Número de control de estantería P-1040
Sublocalización o colección R.94483
Holdings
Estatus retirado Estado de pérdida Estado de daño No para préstamo Biblioteca de origen Biblioteca actual Ubicación en estantería Fecha de adquisición Fuente de adquisición Total de préstamos Signatura topográfica completa Código de barras Visto por última vez Precio de reemplazo Tipo de ítem Koha
        Biblioteca del Ateneo de Madrid Biblioteca del Ateneo de Madrid Depósito 2 17/01/2008     P-1040 1086601 23/02/2023 23/02/2023 Libro impreso